[Event "4NCL Online Division 3"]
[Site "online"]
[Date "2020.11.03"]
[Round "6.13"]
[White "Keene, Alan"]
[Black "Bellis, Dave"]
[Result "1-0"]
[WhiteElo "1840"]
[BlackElo "1435"]
[PlyCount "83"]
[EventDate "2020.11.03"]
[WhiteTeam "Abergavenny and Friends"]
[BlackTeam "Urmston"]

1. Nf3 e6 2. g3 g6 3. Bg2 Bg7 4. O-O Ne7 5. d4 d6 6. e4 Nd7 7. Nc3 b6 8. Re1
Bb7 9. Be3 h6 10. Qd2 a6 11. h4 c5 12. Rad1 c4 13. a4 Bc6 14. d5 Bb7 15. dxe6
fxe6 16. Qxd6 Nf8 17. Qxd8+ Rxd8 18. Rxd8+ Kxd8 19. Bxb6+ Kc8 20. Rd1 Nd7 21.
Bd4 e5 22. Be3 Rd8 23. Bh3 Bc6 24. a5 Kc7 25. Bb6+ Kc8 26. Bxd8 Kxd8 27. Nd2
Kc7 28. Nxc4 h5 29. Bxd7 Bxd7 30. Nd5+ Nxd5 31. exd5 Bb5 32. d6+ Kd7 33. Nb6+
Kd8 34. c4 Bc6 35. Nd5 Kd7 36. c5 Bh8 37. Ne7 Be4 38. c6+ Bxc6 39. Nxc6 Kxc6
40. d7 Bf6 41. d8=Q Bxd8 42. Rxd8 1-0

[Event "4NCL Online Division 3"]
[Site "online"]
[Date "2020.11.03"]
[Round "6.14"]
[White "Plunkett, Tim"]
[Black "Morgans, Justin"]
[Result "0-1"]
[WhiteElo "1270"]
[BlackElo "1618"]
[PlyCount "116"]
[EventDate "2020.11.03"]
[WhiteTeam "Urmston"]
[BlackTeam "Abergavenny and Friends"]

1. d4 d5 2. Nf3 Nf6 3. h3 e6 4. c4 Be7 5. e3 O-O 6. c5 b6 7. b4 bxc5 8. bxc5 c6
9. Bd3 a5 10. O-O Ba6 11. Bxa6 Nxa6 12. a4 Nb4 13. Bd2 Qc7 14. Bxb4 axb4 15.
Nbd2 Rfb8 16. Qb3 h6 17. Ne5 Nd7 18. Ndf3 Bf6 19. Ng4 e5 20. Nxf6+ gxf6 21.
Rfe1 Nf8 22. Re2 Ng6 23. Qb2 e4 24. Nh2 h5 25. f3 f5 26. fxe4 fxe4 27. Rf2 Qg3
28. Qe2 Qg5 29. Raf1 b3 30. Rb1 Rxa4 31. Qe1 Qg3 32. Nf1 Qh4 33. Qc3 Rc4 34.
Qa5 Qe7 35. Rfb2 Rcb4 36. Qa6 Qb7 37. Qe2 h4 38. Nd2 Qb5 39. Qd1 Qd3 40. Kf2
Kg7 41. Rxb3 Rxb3 42. Rxb3 Rxb3 43. Qxb3 Qxd2+ 44. Kf1 Qd3+ 45. Qxd3 exd3 46.
Ke1 f5 47. Kd2 f4 48. Kxd3 fxe3 49. Kxe3 Kf6 50. Kf3 Kf5 51. Ke3 Nf4 52. Kf3
Nxg2 53. Kxg2 Ke4 54. Kf2 Kxd4 55. Kf3 Kxc5 56. Kg4 d4 57. Kxh4 d3 58. Kg3 d2
0-1

[Event "4NCL Online Division 3"]
[Site "online"]
[Date "2020.11.03"]
[Round "6.21"]
[White "Phillips, William"]
[Black "Skettos, Nicolas"]
[Result "1-0"]
[WhiteElo "1819"]
[BlackElo "1862"]
[PlyCount "43"]
[EventDate "2020.11.03"]
[WhiteTeam "Hatch End A"]
[BlackTeam "Phones Pals"]

1. d4 Nf6 2. Nf3 e6 3. Bg5 c5 4. e3 cxd4 5. exd4 b6 6. Bd3 Bb7 7. O-O h6 8.
Bxf6 Qxf6 9. Nbd2 Nc6 10. c3 d5 11. Re1 Bd6 12. Qe2 O-O 13. Ne5 Rfd8 14. Ndf3
Ne7 15. Ng4 Qf4 16. Nge5 Bxe5 17. Nxe5 Nf5 18. g3 Qg5 19. Nxf7 Nxd4 20. cxd4
Kxf7 21. Qxe6+ Kf8 22. Bh7 1-0

[Event "4NCL Online Division 3"]
[Site "online"]
[Date "2020.11.03"]
[Round "6.22"]
[White "McIntyre, John W"]
[Black "Breed, Greg J"]
[Result "0-1"]
[WhiteElo "1912"]
[BlackElo "1784"]
[PlyCount "66"]
[EventDate "2020.11.03"]
[WhiteTeam "Phones Pals"]
[BlackTeam "Hatch End A"]

1. c4 c6 2. g3 d5 3. b3 e5 4. Bg2 Nf6 5. Bb2 Bd6 6. e3 O-O 7. Ne2 Bf5 8. d4 e4
9. O-O Re8 10. Nbc3 Na6 11. a3 Qd7 12. Rc1 Rac8 13. Qd2 Bb8 14. Rc2 Nc7 15. Nf4
Ne6 16. Nxe6 Qxe6 17. Rfc1 h5 18. cxd5 cxd5 19. Na4 b6 20. Rxc8 Rxc8 21. Rxc8+
Qxc8 22. Qc1 Qd7 23. Nc3 h4 24. a4 Bg4 25. b4 Bf3 26. Bf1 Qf5 27. Qe1 Nh7 28.
Ne2 Ng5 29. Nf4 Bg4 30. Be2 Bxe2 31. Qxe2 Bxf4 32. exf4 Nf3+ 33. Kf1 Qh3# 0-1

[Event "4NCL Online Division 3"]
[Site "online"]
[Date "2020.11.03"]
[Round "6.23"]
[White "Hayali, Laith"]
[Black "Barker, Luke"]
[Result "1-0"]
[WhiteElo "1765"]
[BlackElo "1848"]
[PlyCount "62"]
[EventDate "2020.11.03"]
[WhiteTeam "Hatch End A"]
[BlackTeam "Phones Pals"]

1. e4 d6 2. d4 Nf6 3. f3 Nbd7 4. Nc3 c6 5. Be3 e5 6. Nge2 Be7 7. Qd2 O-O 8. Ng3
Re8 9. Be2 Qc7 10. Nf5 Bf8 11. g4 exd4 12. Nxd4 b5 13. g5 b4 14. gxf6 bxc3 15.
Qxc3 Nxf6 16. Qxc6 Qxc6 17. Nxc6 Bb7 18. Nxa7 Nxe4 19. Bb5 Re5 20. fxe4 Bxe4
21. Rg1 Rxa7 22. Bxa7 Bd3+ 23. Kd2 Bxb5 24. a4 Bd7 25. b4 g6 26. Bd4 Bh6+ 27.
Kc3 Re2 28. a5 Bd2+ 29. Kd3 Bb5+ 30. c4 Bxc4+ 31. Kxc4 Rxh2 1-0

[Event "4NCL Online Division 3"]
[Site "online"]
[Date "2020.11.03"]
[Round "6.24"]
[White "Narang, Vishal"]
[Black "Parsons, Robert"]
[Result "1-0"]
[WhiteElo "1477"]
[BlackElo "1742"]
[PlyCount "67"]
[EventDate "2020.11.03"]
[WhiteTeam "Phones Pals"]
[BlackTeam "Hatch End A"]

1. d4 e6 2. c4 d5 3. c5 Nf6 4. Nf3 Be7 5. Bf4 O-O 6. e3 a5 7. Be2 b6 8. cxb6
cxb6 9. h3 Ba6 10. O-O Bxe2 11. Qxe2 Nc6 12. a3 Rc8 13. Nc3 Bd6 14. Ne5 Bxe5
15. Bxe5 Nxe5 16. dxe5 Nd7 17. f4 f6 18. exf6 Nxf6 19. Rad1 Qd6 20. Kh1 Rxc3
21. bxc3 Ne4 22. Qg4 Rf6 23. c4 Rg6 24. Qf3 Ng3+ 25. Kg1 Nxf1 26. Kxf1 Qxa3 27.
cxd5 Qe7 28. d6 Qd7 29. Qa8+ Kf7 30. Qb8 Qb5+ 31. Ke1 Qb4+ 32. Rd2 Qb1+ 33. Kf2
Qh1 34. Qb7+ 1-0

[Event "4NCL Online Division 3"]
[Site "online"]
[Date "2020.11.03"]
[Round "6.31"]
[White "Pigott, Darrell N"]
[Black "Putar, Lara"]
[Result "0-1"]
[WhiteElo "1960"]
[BlackElo "1834"]
[PlyCount "94"]
[EventDate "2020.11.03"]
[WhiteTeam "Watford 2"]
[BlackTeam "St Benildus B"]

1. c4 c5 2. Nc3 Nc6 3. g3 Nf6 4. Bg2 g6 5. e3 Bg7 6. Nge2 Ne5 7. d3 d6 8. h3
O-O 9. b3 Bf5 10. e4 Bc8 11. Bg5 Nfd7 12. O-O Nc6 13. Qd2 Nde5 14. Rad1 Bxh3
15. f4 Bxg2 16. Kxg2 Ng4 17. Nd5 f6 18. Bh4 h6 19. f5 g5 20. Rh1 Kf7 21. Rdf1
Rh8 22. Kh3 Nge5 23. g4 gxh4 24. Nef4 Nd4 25. Ne6 Nxe6 26. fxe6+ Kxe6 27. d4
cxd4 28. Qxd4 Kf7 29. Nf4 Qd7 30. Qd5+ e6 31. Qd4 Nxg4 32. Kxh4 h5 33. Rd1 f5
34. Qd2 Bf6+ 35. Kh3 Bg5 36. exf5 e5 37. Qd5+ Kf6 38. Ne6 Nf2+ 39. Kh2 Nxd1 40.
Nxg5 Ne3 41. Ne4+ Ke7 42. f6+ Kd8 43. Qxd6 Qxd6 44. Nxd6 Kd7 45. Nf7 Ng4+ 46.
Kg3 Rhf8 47. Rd1+ Kc6 0-1

[Event "4NCL Online Division 3"]
[Site "online"]
[Date "2020.11.03"]
[Round "6.32"]
[White "Putar, Leon"]
[Black "Sloan, Cecil"]
[Result "1-0"]
[WhiteElo "1894"]
[BlackElo "1720"]
[PlyCount "45"]
[EventDate "2020.11.03"]
[WhiteTeam "St Benildus B"]
[BlackTeam "Watford 2"]

1. e4 c5 2. Nf3 e6 3. c3 d5 4. exd5 Qxd5 5. d4 Nf6 6. Be2 Nc6 7. O-O cxd4 8.
cxd4 Be7 9. Nc3 Qd6 10. Bg5 O-O 11. Rc1 b6 12. Bxf6 Bxf6 13. Ne4 Qd5 14. Nxf6+
gxf6 15. Bc4 Qd7 16. Bb5 Bb7 17. d5 exd5 18. Nd4 Rac8 19. Qa4 Rc7 20. Bxc6 Bxc6
21. Rxc6 Rfc8 22. Rfc1 Rxc6 23. Nxc6 1-0

[Event "4NCL Online Division 3"]
[Site "online"]
[Date "2020.11.03"]
[Round "6.33"]
[White "Russell, Chris"]
[Black "Healy, John"]
[Result "0-1"]
[WhiteElo "1780"]
[BlackElo "1889"]
[PlyCount "60"]
[EventDate "2020.11.03"]
[WhiteTeam "Watford 2"]
[BlackTeam "St Benildus B"]

1. d4 Nf6 2. c4 c5 3. d5 e6 4. Nc3 exd5 5. cxd5 d6 6. g3 g6 7. Bg2 Bg7 8. e4
O-O 9. Nge2 Re8 10. O-O b5 11. Qc2 a6 12. a3 Ra7 13. Nd1 Rae7 14. f3 Nxd5 15.
Nec3 Nf6 16. Rb1 Nc6 17. Ne3 Nd4 18. Qd1 Bb7 19. b4 Rc7 20. Bb2 d5 21. bxc5
dxe4 22. fxe4 Nxe4 23. Rf4 Nxc3 24. Bxc3 Ne2+ 25. Qxe2 Bxc3 26. Bxb7 Rxb7 27.
Qf3 Rd7 28. Rf1 Rd3 29. Re4 Rxe4 30. Qxe4 Rxe3 0-1

[Event "4NCL Online Division 3"]
[Site "online"]
[Date "2020.11.03"]
[Round "6.34"]
[White "Boland, Dylan"]
[Black "Shaw, David K"]
[Result "1-0"]
[WhiteElo "1850"]
[BlackElo "1660"]
[PlyCount "51"]
[EventDate "2020.11.03"]
[WhiteTeam "St Benildus B"]
[BlackTeam "Watford 2"]

1. d4 e6 2. c4 f5 3. Nf3 Nf6 4. g3 Be7 5. Bg2 O-O 6. Nc3 d6 7. O-O a5 8. Qc2
Nc6 9. e4 e5 10. exf5 Ng4 11. h3 Bxf5 12. Qe2 Nh6 13. dxe5 Nf7 14. exd6 Bxd6
15. Nd5 Re8 16. Qd1 Nce5 17. Nxe5 Nxe5 18. Ne3 Bd3 19. Re1 c6 20. f4 Bc5 21.
fxe5 Rxe5 22. Kh2 Qg5 23. Qxd3 Rd8 24. Nd5 Be3 25. Bxe3 Rxe3 26. Qxe3 1-0

[Event "4NCL Online Division 3"]
[Site "online"]
[Date "2020.11.03"]
[Round "6.41"]
[White "Singh, Amrik J"]
[Black "Retallick, Lloyd"]
[Result "1-0"]
[WhiteElo "1847"]
[BlackElo "2065"]
[PlyCount "95"]
[EventDate "2020.11.03"]
[WhiteTeam "Warley Mighty Quins"]
[BlackTeam "Trelawny's Army"]

1. f4 d5 2. Nf3 Nf6 3. e3 Bg4 4. Be2 e6 5. O-O Bd6 6. b3 O-O 7. Bb2 Nbd7 8. h3
Bxf3 9. Bxf3 c6 10. Nc3 e5 11. fxe5 Bxe5 12. Qe2 Qe7 13. a4 Bd6 14. Nd1 Rae8
15. Nf2 Bc7 16. Ng4 Ne4 17. Bxe4 dxe4 18. Rf5 Qd6 19. Ba3 c5 20. d4 g6 21. dxc5
Qg3 22. Rd5 Ne5 23. Nf6+ Kg7 24. Nxe4 Qh4 25. Nd6 Re6 26. Bb2 f6 27. Rad1 b6
28. Nb5 Bb8 29. Nd4 Ree8 30. Nf3 Qg3 31. Qf2 Nxf3+ 32. Qxf3 Qxf3 33. gxf3 Rxe3
34. Kf2 Rfe8 35. R1d2 bxc5 36. Rxc5 a6 37. Rc6 R3e6 38. Rd7+ Kh6 39. Bc1+ g5
40. Rxe6 Rxe6 41. h4 Kg6 42. hxg5 fxg5 43. Be3 h5 44. Rd5 Be5 45. c4 g4 46. f4
g3+ 47. Kxg3 Bf6 48. f5+ 1-0

[Event "4NCL Online Division 3"]
[Site "online"]
[Date "2020.11.03"]
[Round "6.42"]
[White "Menadue, Jeremy F S"]
[Black "Emery, Ian"]
[Result "1-0"]
[WhiteElo "2050"]
[BlackElo "1847"]
[PlyCount "81"]
[EventDate "2020.11.03"]
[WhiteTeam "Trelawny's Army"]
[BlackTeam "Warley Mighty Quins"]

1. d4 Nf6 2. c4 e6 3. Nc3 Bb4 4. Nf3 b6 5. Bg5 Bb7 6. e3 h6 7. Bh4 O-O 8. Bd3
d6 9. O-O Bxc3 10. bxc3 Nbd7 11. Nd2 d5 12. cxd5 exd5 13. Bf5 Qe7 14. Qf3 Qa3
15. c4 c5 16. Nb3 Rab8 17. Bxd7 dxc4 18. Bc6 Bxc6 19. Qxc6 Rbc8 20. Qf3 cxb3
21. axb3 Qxb3 22. Bxf6 gxf6 23. Qg4+ Kh8 24. Rxa7 c4 25. Rxf7 Rxf7 26. Qxc8+
Kg7 27. Qg4+ Kh8 28. Qg6 c3 29. Ra1 Rf8 30. Qxh6+ Kg8 31. Qg6+ Kh8 32. h3 Qf7
33. Qxf7 Rxf7 34. Ra8+ Kg7 35. Rc8 Rb7 36. Rxc3 b5 37. Kf1 b4 38. Rb3 Kf7 39.
Ke2 Ke6 40. Kd3 f5 41. Kc4 1-0

[Event "4NCL Online Division 3"]
[Site "online"]
[Date "2020.11.03"]
[Round "6.43"]
[White "Maybury, Philip C"]
[Black "Kneebone, Robin F G"]
[Result "0-1"]
[WhiteElo "1772"]
[BlackElo "1982"]
[PlyCount "82"]
[EventDate "2020.11.03"]
[WhiteTeam "Warley Mighty Quins"]
[BlackTeam "Trelawny's Army"]

1. Nf3 c5 2. c4 Nc6 3. g3 Nf6 4. Bg2 d5 5. cxd5 Nxd5 6. Nc3 Nc7 7. d3 e5 8. O-O
Be7 9. Nd2 Bd7 10. Re1 O-O 11. Nc4 b5 12. Bxc6 Bxc6 13. Nxe5 Bb7 14. e4 Bd6 15.
Nf3 Re8 16. Be3 b4 17. Ne2 Qf6 18. Nf4 Qxb2 19. Qc1 Qxc1 20. Raxc1 Na6 21. Nd2
Rad8 22. Nc4 Bxf4 23. Bxf4 Rxd3 24. e5 Bd5 25. Nd6 Re6 26. Be3 Rxe5 27. Bxc5
Rxe1+ 28. Rxe1 Be6 29. Ne4 Nxc5 30. Nxc5 Rd2 31. Rb1 a5 32. a3 Ba2 33. Re1 f6
34. axb4 axb4 35. Ne4 Rd4 36. Re2 Bc4 37. Re1 b3 38. Nc3 b2 39. Rb1 Rd2 40. Na4
Bb3 41. Nxb2 Ba2 0-1

[Event "4NCL Online Division 3"]
[Site "online"]
[Date "2020.11.03"]
[Round "6.44"]
[White "Hassall, Mark I"]
[Black "Moxley, Stephen"]
[Result "1-0"]
[WhiteElo "1942"]
[BlackElo "1697"]
[PlyCount "91"]
[EventDate "2020.11.03"]
[WhiteTeam "Trelawny's Army"]
[BlackTeam "Warley Mighty Quins"]

1. e4 e6 2. d4 d5 3. Nc3 Bb4 4. e5 c5 5. a3 cxd4 6. axb4 dxc3 7. Nf3 cxb2 8.
Bxb2 Bd7 9. Bd3 Qb6 10. Qd2 Nc6 11. b5 Nce7 12. O-O Nh6 13. Bd4 Qd8 14. Rxa7
Rxa7 15. Bxa7 b6 16. Ra1 Nc8 17. Bb8 O-O 18. Qc3 Qe8 19. Qb4 f5 20. Bc7 Qh5 21.
Bd6 Rf7 22. Qc3 g5 23. Ra8 Kg7 24. Rxc8 g4 25. Nd2 f4 26. Rc7 g3 27. hxg3 fxg3
28. Nf3 gxf2+ 29. Kxf2 Qh4+ 30. Kg1 Qg3 31. Be2 Ng4 32. Qe1 Qf4 33. Qh4 Qe3+
34. Kh1 Qc1+ 35. Ng1 Qh6 36. Qxh6+ Nxh6 37. Nf3 Nf5 38. Kg1 h6 39. Rb7 Ne3 40.
Bd3 Nc4 41. Bxc4 dxc4 42. Rxb6 Kg6 43. Rb7 Kf5 44. b6 Ke4 45. Rc7 Ke3 46. b7
1-0

[Event "4NCL Online Division 3"]
[Site "online"]
[Date "2020.11.03"]
[Round "6.61"]
[White "Sandhu, Manvith"]
[Black "McCarthy, Maurice"]
[Result "1-0"]
[WhiteElo "1907"]
[BlackElo "1978"]
[PlyCount "35"]
[EventDate "2020.11.03"]
[WhiteTeam "Warwickshire Bears A"]
[BlackTeam "Morriston Alekhine"]

1. e4 c5 2. Nf3 d6 3. d4 cxd4 4. Qxd4 Nc6 5. Bb5 Bd7 6. Bxc6 Bxc6 7. Nc3 Nf6 8.
Bg5 e6 9. O-O-O Be7 10. Rhe1 O-O 11. Kb1 Re8 12. h4 h6 13. Rh1 hxg5 14. hxg5
Ng4 15. e5 Bxf3 16. gxf3 Nxe5 17. Qh4 Bxg5 18. Qh8# 1-0

[Event "4NCL Online Division 3"]
[Site "online"]
[Date "2020.11.03"]
[Round "6.62"]
[White "Bevan, Peter M"]
[Black "Chen, Daniel Xingyu"]
[Result "0-1"]
[WhiteElo "1855"]
[BlackElo "1825"]
[PlyCount "72"]
[EventDate "2020.11.03"]
[WhiteTeam "Morriston Alekhine"]
[BlackTeam "Warwickshire Bears A"]

1. d4 Nf6 2. c4 c5 3. d5 e6 4. Nc3 exd5 5. cxd5 d6 6. e4 g6 7. f4 Nbd7 8. Nf3
Bg7 9. Bd3 O-O 10. O-O Re8 11. Kh1 a6 12. a4 Qc7 13. Be3 Nb6 14. a5 Nbxd5 15.
exd5 Rxe3 16. Qd2 Re8 17. f5 Bd7 18. Qg5 c4 19. Bc2 Qc5 20. fxg6 hxg6 21. Qh4
Re3 22. Ng5 Kf8 23. Rxf6 Bxf6 24. Nh7+ Kg7 25. Qxf6+ Kh6 26. Qxf7 Be8 27. Qxb7
Ra7 28. Qb8 Rxh7 29. Ne4 Re7 30. Qd8 R3xe4 31. Bxe4 Rxe4 32. Qf6 Qe3 33. h4 Qd4
34. Qf8+ Kh7 35. g3 Re2 36. Qxd6 Qe4+ 0-1

[Event "4NCL Online Division 3"]
[Site "online"]
[Date "2020.11.03"]
[Round "6.63"]
[White "Dicen, Elis Denele"]
[Black "Howells, Chris"]
[Result "1/2-1/2"]
[WhiteElo "1810"]
[BlackElo "1767"]
[PlyCount "136"]
[EventDate "2020.11.03"]
[WhiteTeam "Warwickshire Bears A"]
[BlackTeam "Morriston Alekhine"]

1. d4 d6 2. Nf3 Nf6 3. Bf4 g6 4. e3 Bg7 5. Be2 c6 6. Nbd2 Qa5 7. c3 Bg4 8. Nc4
Qc7 9. h3 Bxf3 10. Bxf3 Nbd7 11. Bh2 O-O 12. O-O Rad8 13. Qe2 Rfe8 14. Rad1 e5
15. dxe5 dxe5 16. Bg4 Nxg4 17. hxg4 b5 18. Nd6 Re6 19. Ne4 Nf8 20. Rxd8 Qxd8
21. Rd1 Qc7 22. Qd2 h6 23. Nc5 Re7 24. b4 Ne6 25. Nxe6 Rxe6 26. f3 Bf6 27. Bg3
Kg7 28. e4 a5 29. a3 c5 30. Bf2 cxb4 31. cxb4 axb4 32. axb4 Be7 33. Rc1 Qb7 34.
Bc5 Bg5 35. Be3 Qb6 36. Kf2 Rd6 37. Bxb6 Rxd2+ 38. Kf1 Rd6 39. Bc7 Bxc1 40.
Bxd6 Kf6 41. Bc5 Kg5 42. g3 h5 43. gxh5 gxh5 44. Kg2 f5 45. Kh3 fxe4 46. fxe4
Bd2 47. Be7+ Kg6 48. Kh4 Bh6 49. g4 hxg4 50. Kxg4 Kf7 51. Bc5 Ke6 52. Kh5 Bd2
53. Kg6 Bc3 54. Bf8 Bd4 55. Kg7 Bb6 56. Kg6 Bd4 57. Kg5 Be3+ 58. Kg4 Kf6 59.
Kh5 Bd2 60. Bc5 Bf4 61. Kg4 Bd2 62. Kf3 Bc3 63. Kg4 Bd2 64. Kh5 Bf4 65. Bd6 Bd2
66. Bf8 Kf7 67. Bd6 Kf6 68. Bc5 Bf4 1/2-1/2

[Event "4NCL Online Division 3"]
[Site "online"]
[Date "2020.11.03"]
[Round "6.64"]
[White "Marin Marin, Francisco Javier"]
[Black "Wong, Tristan"]
[Result "1-0"]
[WhiteElo "1787"]
[BlackElo "1630"]
[PlyCount "59"]
[EventDate "2020.11.03"]
[WhiteTeam "Morriston Alekhine"]
[BlackTeam "Warwickshire Bears A"]

1. e4 Nc6 2. Nf3 d6 3. d4 Nf6 4. Bd3 g6 5. O-O Bg7 6. c3 O-O 7. Bf4 e5 8. dxe5
dxe5 9. Nxe5 Nxe5 10. Bxe5 Re8 11. Bxf6 Qxf6 12. Nd2 Be6 13. Nf3 Rad8 14. Qc2
Bg4 15. Nd4 Qb6 16. Nb3 Qd6 17. Be2 Bxe2 18. Qxe2 Be5 19. g3 Kh8 20. Rad1 Qb6
21. Rxd8 Rxd8 22. Rd1 Re8 23. Rd7 f5 24. exf5 Qc6 25. Qd2 Qf6 26. fxg6 Bd6 27.
Rxh7+ Kg8 28. Qd5+ Re6 29. Nd4 Qxg6 30. Rxc7 1-0

[Event "4NCL Online Division 3"]
[Site "online"]
[Date "2020.11.03"]
[Round "6.71"]
[White "Lockett, Karl"]
[Black "Verma, Shlok"]
[Result "0-1"]
[WhiteElo "1892"]
[BlackElo "1945"]
[PlyCount "82"]
[EventDate "2020.11.03"]
[WhiteTeam "Crewe AOL"]
[BlackTeam "Kent KJCA Kestrels C"]

1. Nf3 d5 2. c4 d4 3. b4 Nf6 4. Bb2 c5 5. bxc5 Nc6 6. d3 e5 7. Nbd2 Bxc5 8. g3
Be6 9. Bg2 O-O 10. O-O a6 11. Rb1 Qc7 12. Ng5 Bf5 13. Nge4 Nxe4 14. Nxe4 Bxe4
15. Bxe4 a5 16. Qb3 a4 17. Qd1 a3 18. Bc1 Rfb8 19. Bd2 Ne7 20. Rb5 f5 21. Bg2
Nc8 22. Bb4 Bxb4 23. Rxb4 Nd6 24. Qb3 Kh8 25. Rb1 e4 26. Ra4 Qc5 27. Rxa8 Rxa8
28. Qb6 Rc8 29. Qxc5 Rxc5 30. Rb4 Kg8 31. Ra4 b5 32. cxb5 Nxb5 33. dxe4 Rc1+
34. Bf1 fxe4 35. Kg2 Ra1 36. Rb4 Nc3 37. Rxd4 Nxa2 38. Rxe4 Nc3 39. Rc4 a2 40.
Rc8+ Kf7 41. Ra8 Rc1 0-1

[Event "4NCL Online Division 3"]
[Site "online"]
[Date "2020.11.03"]
[Round "6.72"]
[White "Allison, Conrad"]
[Black "Hulme, David I"]
[Result "1-0"]
[WhiteElo "1837"]
[BlackElo "1866"]
[PlyCount "39"]
[EventDate "2020.11.03"]
[WhiteTeam "Kent KJCA Kestrels C"]
[BlackTeam "Crewe AOL"]

1. e4 e5 2. d4 exd4 3. Nf3 Bc5 4. Nxd4 Qh4 5. Nc3 Nc6 6. Be3 Nf6 7. Nf5 Qg4 8.
Qxg4 Nxg4 9. Bxc5 d6 10. h3 Bxf5 11. exf5 dxc5 12. hxg4 O-O-O 13. Bd3 Rhe8+ 14.
Kf1 Nb4 15. Rd1 c4 16. Bxc4 Nxc2 17. Rxd8+ Kxd8 18. g3 Re1+ 19. Kg2 Ne3+ 20.
fxe3 1-0

[Event "4NCL Online Division 3"]
[Site "online"]
[Date "2020.11.03"]
[Round "6.73"]
[White "Gardiner, Harry"]
[Black "Cook, John"]
[Result "1/2-1/2"]
[WhiteElo "1847"]
[BlackElo "1815"]
[PlyCount "112"]
[EventDate "2020.11.03"]
[WhiteTeam "Crewe AOL"]
[BlackTeam "Kent KJCA Kestrels C"]

1. d4 Nf6 2. c4 g6 3. Nc3 d5 4. cxd5 Nxd5 5. e4 Nxc3 6. bxc3 c5 7. Nf3 Bg7 8.
Bb5+ Bd7 9. Bxd7+ Qxd7 10. O-O O-O 11. Bb2 Rd8 12. Qc2 cxd4 13. cxd4 Nc6 14.
Rfd1 Rac8 15. Qe2 Qc7 16. Rac1 Qa5 17. Bc3 Qa4 18. Qb2 b6 19. d5 Bxc3 20. Qxc3
Na5 21. Qb2 Qxe4 22. Rxc8 Rxc8 23. h3 Rc2 24. Qb5 Qe2 25. Qxe2 Rxe2 26. Rd2
Rxd2 27. Nxd2 Kf8 28. Kf1 Ke8 29. Ke2 Kd7 30. Kd3 Kd6 31. Kd4 e5+ 32. dxe6 Kxe6
33. Ne4 h6 34. Nc3 a6 35. Na4 Nc6+ 36. Ke4 f5+ 37. Ke3 Nb4 38. Nxb6 Nxa2 39.
Kd4 Kd6 40. Nc4+ Ke6 41. Nb6 Nb4 42. Na4 a5 43. Nc5+ Kd6 44. Nb7+ Ke6 45. Nxa5
Nc2+ 46. Kc3 Ne1 47. g3 Ke5 48. Kd2 Nf3+ 49. Ke3 Ng1 50. h4 g5 51. hxg5 hxg5
52. Nc6+ Kf6 53. Nd4 Ke5 54. Nc6+ Kf6 55. Nd4 Ke5 56. Nc6+ Kf6 1/2-1/2

[Event "4NCL Online Division 3"]
[Site "online"]
[Date "2020.11.03"]
[Round "6.74"]
[White "Parsons, Roy W"]
[Black "Layhe, Neville"]
[Result "1/2-1/2"]
[WhiteElo "1750"]
[BlackElo "1682"]
[PlyCount "112"]
[EventDate "2020.11.03"]
[WhiteTeam "Kent KJCA Kestrels C"]
[BlackTeam "Crewe AOL"]

1. e4 d6 2. d4 Nf6 3. Nc3 g6 4. Nf3 Bg7 5. Bc4 O-O 6. O-O Bg4 7. h3 Bxf3 8.
Qxf3 Nc6 9. Be3 a6 10. a4 Nd7 11. Rad1 e6 12. Rd2 Qf6 13. Qg3 h6 14. f4 Nb6 15.
Be2 Rad8 16. e5 Qe7 17. b3 Nd5 18. Nxd5 exd5 19. Bf3 dxe5 20. fxe5 Kh7 21. Re2
f5 22. exf6 Qxf6 23. Ref2 Nxd4 24. Bxd4 Qxd4 25. Rd1 Qc5 26. Kh1 c6 27. Rfd2
Qd6 28. Qxd6 Rxd6 29. c4 d4 30. c5 Rdd8 31. Kg1 Rde8 32. Kf2 Rf7 33. Rd3 Rfe7
34. R1d2 h5 35. b4 Bh6 36. Rb2 Be3+ 37. Kg3 Kh6 38. h4 g5 39. hxg5+ Kxg5 40. b5
h4+ 41. Kh3 axb5 42. axb5 cxb5 43. Rxb5 Bf2 44. Rxb7 Rxb7 45. Bxb7 Re3+ 46.
Rxe3 dxe3 47. Bf3 Kf5 48. c6 Bg3 49. c7 Bxc7 50. Kxh4 Kf4 51. Kh5 Kg3 52. Kg6
Kf2 53. Kf5 e2 54. Bxe2 Kxe2 55. g4 Bd8 56. g5 Bxg5 1/2-1/2

[Event "4NCL Online Division 3"]
[Site "online"]
[Date "2020.11.03"]
[Round "6.81"]
[White "Pleasants, Allan J"]
[Black "Jenkins, John"]
[Result "1-0"]
[WhiteElo "2110"]
[BlackElo "2042"]
[PlyCount "75"]
[EventDate "2020.11.03"]
[WhiteTeam "Wessex Some Stars B"]
[BlackTeam "Stroud Oldies"]

1. Nf3 Nf6 2. g3 g6 3. Bg2 Bg7 4. O-O O-O 5. c4 d6 6. Nc3 Nc6 7. d4 a6 8. h3
Rb8 9. Be3 Bd7 10. Rc1 h6 11. b3 b6 12. Qd2 Kh7 13. d5 Na5 14. Nd4 Qe8 15. g4
e5 16. dxe6 fxe6 17. Ne4 Ng8 18. b4 Nc6 19. b5 Nxd4 20. Bxd4 e5 21. Be3 a5 22.
Nc3 Ne7 23. Nd5 Qd8 24. a4 Bc8 25. Be4 Nxd5 26. cxd5 Rb7 27. Qd3 Qe8 28. Rc4
Rf6 29. Rfc1 Qf7 30. Kf1 Kg8 31. Ke1 g5 32. Qc2 Rf4 33. Bxf4 exf4 34. Rxc7 Rxc7
35. Qxc7 Bd7 36. Qd8+ Be8 37. Rc8 Kf8 38. Qxd6+ 1-0

[Event "4NCL Online Division 3"]
[Site "online"]
[Date "2020.11.03"]
[Round "6.82"]
[White "Brown, Graham K"]
[Black "Anderson, Peter W"]
[Result "0-1"]
[WhiteElo "1795"]
[BlackElo "2050"]
[PlyCount "32"]
[EventDate "2020.11.03"]
[WhiteTeam "Stroud Oldies"]
[BlackTeam "Wessex Some Stars B"]

1. h3 g6 2. d4 Bg7 3. Nf3 d6 4. e4 Nd7 5. Nc3 a6 6. Bd3 c5 7. dxc5 Nxc5 8. O-O
Nf6 9. Be3 Qc7 10. Bd4 Ne6 11. Bxf6 exf6 12. Nd5 Qd8 13. Nh2 O-O 14. f4 f5 15.
exf5 Nc7 16. Nb6 Bd4+ 0-1

[Event "4NCL Online Division 3"]
[Site "online"]
[Date "2020.11.03"]
[Round "6.83"]
[White "Tunks, Dominic R"]
[Black "Walker, Adrian"]
[Result "1-0"]
[WhiteElo "2012"]
[BlackElo "1671"]
[PlyCount "40"]
[EventDate "2020.11.03"]
[WhiteTeam "Wessex Some Stars B"]
[BlackTeam "Stroud Oldies"]

1. e4 d6 2. d4 Nf6 3. Nc3 Nbd7 4. f4 e5 5. Nf3 exd4 6. Qxd4 c6 7. b3 d5 8. exd5
Bc5 9. Qd3 O-O 10. Bb2 Re8+ 11. Be2 Ng4 12. Ng5 Ndf6 13. dxc6 Qxd3 14. cxd3
bxc6 15. Nge4 Nxe4 16. Nxe4 Bb4+ 17. Kf1 Ba6 18. Rc1 Re6 19. h3 Ne3+ 20. Kf2
Nd5 1-0

[Event "4NCL Online Division 3"]
[Site "online"]
[Date "2020.11.03"]
[Round "6.84"]
[White "Reekie-Black, Matthew"]
[Black "Pentakota, Rajasekhar"]
[Result "0-1"]
[WhiteElo "1600"]
[BlackElo "1997"]
[PlyCount "68"]
[EventDate "2020.11.03"]
[WhiteTeam "Stroud Oldies"]
[BlackTeam "Wessex Some Stars B"]

1. e4 d6 2. d4 Nf6 3. Nc3 g6 4. Be3 Bg7 5. Bd3 Nc6 6. h3 e5 7. d5 Ne7 8. Qd2
O-O 9. Bh6 c6 10. g4 cxd5 11. exd5 Qb6 12. Bxg7 Kxg7 13. O-O-O Nfxd5 14. Nxd5
Nxd5 15. f3 Be6 16. h4 Qe3 17. h5 f5 18. h6+ Kf6 19. gxf5 gxf5 20. Rh5 Qxd2+
21. Rxd2 Nf4 22. Rhh2 Rg8 23. Ne2 Nxe2+ 24. Bxe2 d5 25. Bf1 Rg1 26. Rd1 Rag8
27. Kd2 R8g3 28. Ke2 d4 29. Kf2 f4 30. b3 Bf5 31. Rd2 Rg8 32. Bd3 Bxd3 33. Rxd3
Rc1 34. c4 Rc2+ 0-1

[Event "4NCL Online Division 3"]
[Site "online"]
[Date "2020.11.03"]
[Round "6.91"]
[White "Davies, Neil"]
[Black "Williams, David"]
[Result "1-0"]
[WhiteElo "1930"]
[BlackElo "1900"]
[PlyCount "87"]
[EventDate "2020.11.03"]
[WhiteTeam "Mushrooms 2"]
[BlackTeam "Ashfield Anonymous B"]

1. d4 g6 2. Nf3 c6 3. c3 d5 4. Bg5 Bg7 5. e3 Qb6 6. Qb3 Nd7 7. Nbd2 Ngf6 8. Bd3
O-O 9. O-O Re8 10. e4 dxe4 11. Nxe4 Nxe4 12. Bxe4 Nf6 13. Bd3 Be6 14. Qc2 c5
15. dxc5 Qxc5 16. Rfe1 Bc4 17. Bxc4 Qxc4 18. Qb3 Qxb3 19. axb3 a6 20. Rad1 e6
21. g3 Red8 22. Kg2 Kf8 23. h4 h5 24. Bf4 Ke8 25. Bd6 Nd5 26. Rxd5 Bf8 27. Bxf8
Rxd5 28. Ba3 Rad8 29. Ng5 Rd1 30. Ne4 f5 31. Rxd1 Rxd1 32. Nd6+ Kd7 33. Nxb7
Kc6 34. Nc5 e5 35. Nxa6 Kd5 36. c4+ Kd4 37. Bb4 f4 38. Bc3+ Ke4 39. gxf4 exf4
40. Nc5+ Kf5 41. b4 Kg4 42. f3+ Kxh4 43. Bf6+ g5 44. Ne4 1-0